MARC details
| 000 -LEADER |
| campo de control de longitud fija |
01621cam a22004454a 4500 |
| 001 - NÚMERO DE CONTROL |
| campo de control |
77910 |
| 005 - FECHA Y HORA DE LA ÚLTIMA TRANSACCIÓN |
| campo de control |
20230410120809.0 |
| 008 - DATOS DE LONGITUD FIJA--INFORMACIÓN GENERAL |
| campo de control de longitud fija |
020429s2002 nyua 000 0ceng |
| 010 ## - NÚMERO DE CONTROL DE LA BIBLIOTECA DEL CONGRESO |
| Número de control de LC |
2002067606 |
| 035 ## - NÚMERO DE CONTROL DEL SISTEMA |
| Número de control de sistema |
(OCoLC)ocm49611514 |
| 040 ## - FUENTE DE CATALOGACIÓN |
| Centro catalogador/agencia de origen |
DLC |
| Centro/agencia transcriptor |
DLC |
| Centro/agencia modificador |
BTCTA |
| -- |
YDXCP |
| -- |
BAKER |
| -- |
WIH |
| -- |
F4B |
| 020 ## - NÚMERO INTERNACIONAL ESTÁNDAR DEL LIBRO |
| Número Internacional Estándar del Libro |
0805072225 |
| 020 ## - NÚMERO INTERNACIONAL ESTÁNDAR DEL LIBRO |
| Número Internacional Estándar del Libro |
9780805072228 |
| 029 1# - OTRO NÚMERO DE CONTROL DE SISTEMA (OCLC) |
| Identificador de la biblioteca OCLC |
YDXCP |
| Número de control de sistema |
1861883 |
| 029 1# - OTRO NÚMERO DE CONTROL DE SISTEMA (OCLC) |
| Identificador de la biblioteca OCLC |
NZ1 |
| Número de control de sistema |
6913657 |
| 029 1# - OTRO NÚMERO DE CONTROL DE SISTEMA (OCLC) |
| Identificador de la biblioteca OCLC |
AU@ |
| Número de control de sistema |
000023559860 |
| 035 ## - NÚMERO DE CONTROL DEL SISTEMA |
| Número de control de sistema |
(OCoLC)49611514 |
| 042 ## - CÓDIGO DE AUTENTICACIÓN |
| Código de autenticación |
pcc |
| 043 ## - CÓDIGO DE ÁREA GEOGRÁFICA |
| Código de área geográfica |
n-us-ny |
| 050 14 - SIGNATURA TOPOGRÁFICA DE LA BIBLIOTECA DEL CONGRESO |
| Número de clasificación |
HV6432.7 |
| Número de ítem |
P853 2002 |
| 082 00 - NÚMERO DE LA CLASIFICACIÓN DECIMAL DEWEY |
| Número de clasificación |
974.7/1044/0922 |
| Número de edición |
21 |
| 082 14 - NÚMERO DE LA CLASIFICACIÓN DECIMAL DEWEY |
| Número de clasificación |
364.1/092/273 |
| -- |
B |
| Número de edición |
21 |
| 245 00 - MENCIÓN DEL TÍTULO |
| Título |
Portraits 9/11/01 : |
| Resto del título |
the collected "Portraits of grief" from The New York times / |
| Mención de responsabilidad, etc. |
foreword by Howell Raines ; introduction by Janny Scott. |
| 246 30 - FORMA VARIANTE DEL TITULO |
| Título propio/Titulo breve |
Portraits of grief |
| 250 ## - MENCION DE EDICION |
| Mención de edición |
1st ed. |
| 260 ## - PUBLICACIÓN, DISTRIBUCIÓN, ETC. |
| Lugar de publicación, distribución, etc. |
New York : |
| Nombre del editor, distribuidor, etc. |
Times Books/Henry Holt and Co., |
| Fecha de publicación, distribución, etc. |
2002. |
| 300 ## - DESCRIPCIÓN FÍSICA |
| Extensión |
x, 558 p. : |
| Otras características físicas |
ill. ; |
| Dimensiones |
28 cm. |
| 650 #0 - PUNTO DE ACCESO ADICIONAL DE MATERIA--TÉRMINO DE MATERIA |
| Término de materia o nombre geográfico como elemento de entrada |
September 11 Terrorist Attacks, 2001 |
| Subdivisión de forma |
Biography. |
| 650 #0 - PUNTO DE ACCESO ADICIONAL DE MATERIA--TÉRMINO DE MATERIA |
| Término de materia o nombre geográfico como elemento de entrada |
Victims of terrorism |
| Subdivisión geográfica |
New York (State) |
| -- |
New York |
| Subdivisión de forma |
Biography. |
| 651 #0 - PUNTO DE ACCESO ADICIONAL DE MATERIA--NOMBRE GEOGRÁFICO |
| Nombre geográfico |
New York (N.Y.) |
| Subdivisión de forma |
Biography. |
| 730 0# - ASIENTO SECUNDARIO--TITULO UNIFORME |
| Título uniforme |
New York times. |
| 856 42 - LOCALIZACIÓN Y ACCESO ELECTRÓNICOS |
| Materiales especificados |
Contributor biographical information |
| Identificador Uniforme de Recursos |
<a href="http://www.loc.gov/catdir/bios/hol051/2002067606.html">http://www.loc.gov/catdir/bios/hol051/2002067606.html</a> |
| 856 42 - LOCALIZACIÓN Y ACCESO ELECTRÓNICOS |
| Materiales especificados |
Publisher description |
| Identificador Uniforme de Recursos |
<a href="http://www.loc.gov/catdir/description/hol021/2002067606.html">http://www.loc.gov/catdir/description/hol021/2002067606.html</a> |
| 938 ## - |
| -- |
Baker and Taylor |
| -- |
BTCP |
| -- |
2002067606 |
| 938 ## - |
| -- |
YBP Library Services |
| -- |
YANK |
| -- |
1861883 |
| 938 ## - |
| -- |
Baker & Taylor |
| -- |
BKTY |
| -- |
30.00 |
| -- |
22.50 |
| -- |
0805072225 |
| -- |
0003872011 |
| -- |
active |
| 942 ## - ELEMENTOS DE ENTRADA SECUNDARIOS (KOHA) |
| Fuente del sistema de clasificación o colocación |
Clasificación de Library of Congress |
| Tipo de ítem Koha |
|
| 946 ## - PROCESAMIENTO DE INFORMACIÓN LOCAL (OCLC) |
| a |
ccruz |
| 994 ## - |
| -- |
C0 |
| -- |
DRFGD |